|
|
|
|
| LEADER |
01220nam a2200277 a 4500 |
| 001 |
4431884 |
| 008 |
120620s1994 maua b 001 0 eng |
| 010 |
|
|
|a 94008443
|
| 020 |
|
|
|a 0674690036 (pbk.) :
|c $14.95
|
| 040 |
|
|
|a DLC
|c DLC
|d DLC
|d BD-DhAAL
|
| 050 |
0 |
0 |
|a HB883.5
|b .P65 1994
|
| 082 |
0 |
0 |
|a 363.9
|2 20
|
| 245 |
0 |
0 |
|a Population policies reconsidered :
|b health, empowerment, and rights /
|c Gita Sen, Adrienne Germain, Lincoln C. Chen, editors.
|
| 260 |
|
|
|a Boston, Mass. :
|b Harvard Center for Population and Development Studies ;
|a New York, N.Y. :
|b International Women's Health Coaliton ;
|a Boston :
|b Distributed by Harvard University Press,
|c c1994
|
| 300 |
|
|
|a xiv, 280 p. :
|b ill. ;
|c 26 cm.
|
| 490 |
0 |
|
|a Harvard series on population and international health
|
| 500 |
|
|
|a "March 1994."
|
| 504 |
|
|
|a Includes bibliographical references and index.
|
| 541 |
|
|
|e 00025452
|
| 650 |
|
0 |
|a Population policy.
|
| 700 |
1 |
|
|a Sen, Gita.
|
| 700 |
1 |
|
|a Germain, Adrienne.
|
| 700 |
1 |
|
|a Chen, Lincoln C.
|
| 852 |
1 |
|
|a Ayesha Abed Library
|c General shelf.
|
| 999 |
|
|
|c 12408
|d 12408
|
| 952 |
|
|
|0 0
|1 0
|2 ddc
|4 0
|6 363_900000000000000_POP
|7 0
|9 20538
|a JPGSPH
|b JPGSPH
|c GEN
|d 2012-06-20
|l 0
|o 363.9 POP
|p 3060025452
|r 2012-06-20
|t 1
|w 2012-06-20
|y BK
|